Normal view
MARC view
- Benham, P. P , Cranford, R. J
Entry Personal Name
001 - CONTROL NUMBER
- control field: 67953
003 - CONTROL NUMBER IDENTIFIER
- control field: NUST
005 - DATE AND TIME OF LATEST TRANSACTION
- control field: 20210628203937.0
008 - FIXED-LENGTH DATA ELEMENTS
- fixed length control field: 210628|| aca||aabn | a|a d
040 ## - CATALOGING SOURCE
- Original cataloging agency: NUST
- Transcribing agency: NUST
100 ## - HEADING--PERSONAL NAME
- Personal name: Benham, P. P , Cranford, R. J
670 ## - SOURCE DATA FOUND
- Source citation: Work cat.: (NUST): Benham, P. P , Cranford, R. J, Mechanics of engineering materials, 1987
